Oscar Hosts - Sudden Death - Statistics

General Stats
  • This quiz has been taken 110 times
  • The average score is 13 of 28
Answers on the Grid
Answers color-coded by a green-red scale on the quiz's grid according to % correct below.
Alec Baldwin
Alfred Hitchcock
Amy Schumer
Anne Hathaway
Billy Crystal
Bob Hope
Carol Burnett
Cher
Chris Rock
Conan O'Brien
David Letterman
David Niven
Dolly Parton
Donald Duck
Ellen DeGeneres
Elvis Presley
Frank Sinatra
Goldie Hawn
Hugh Jackman
Jack Benny
Jack Black
Jack Nicholson
James Corden
Jay Leno
Jerry Lewis
Jim Carrey
Jimmy Fallon
Jimmy Kimmel
Jimmy Stewart
Johnny Carson
Jon Stewart
Madonna
Neil Patrick Harris
Oprah Winfrey
Phil Collins
Robin Williams
Sammy Davis Jr.
Seth MacFarlane
Seth Meyers
Steve Harvey
Steve Martin
Steven Spielberg
Warren Beatty
Whoopi Goldberg
 
Answer Stats
Answer % Correct
Chris Rock
79%
Conan O'Brien
77%
Ellen DeGeneres
72%
Billy Crystal
69%
Jimmy Kimmel
68%
Bob Hope
66%
Steve Martin
61%
Amy Schumer
53%
Neil Patrick Harris
53%
David Letterman
51%
Anne Hathaway
48%
Johnny Carson
47%
Seth MacFarlane
47%
Whoopi Goldberg
47%
Alec Baldwin
41%
Jerry Lewis
38%
Hugh Jackman
37%
Robin Williams
33%
Frank Sinatra
32%
Carol Burnett
29%
Jack Benny
29%
Sammy Davis Jr.
29%
Jon Stewart
28%
David Niven
26%
Jimmy Stewart
26%
Warren Beatty
24%
Donald Duck
22%
Goldie Hawn
22%
No matching quizzes found
Score Distribution
Percent of People with Each Score
Percentile by Number Answered
Your Score History
You have not taken this quiz